Data structures using C : for 2nd sem. BCA curriculum course prescribed by Bangalore University and Karnataka University (Record no. 183711)

MARC details
000 -LEADER
fixed length control field 00479nam a2200145Ia 4500
008 - FIXED-LENGTH DATA ELEMENTS--GENERAL INFORMATION
fixed length control field 231217s9999 xx 000 0 und d
041 ## - LANGUAGE CODE
Language code of text/sound track or separate title English
082 ## - DEWEY DECIMAL CLASSIFICATION NUMBER
Classification number 001.6424C HON4;1 R
100 ## - MAIN ENTRY--PERSONAL NAME
Personal name Hongal, Rajesh.
245 #0 - TITLE STATEMENT
Title Data structures using C : for 2nd sem. BCA curriculum course prescribed by Bangalore University and Karnataka University
260 ## - PUBLICATION, DISTRIBUTION, ETC.
Date of publication, distribution, etc. 2008
Name of publisher, distributor, etc. EBPB Books
Place of publication, distribution, etc. Gadag
300 ## - PHYSICAL DESCRIPTION
Extent 219
650 ## - SUBJECT ADDED ENTRY--TOPICAL TERM
Topical term or geographic name entry element structures,using,C,2nd,curriculum,Karnataka
942 ## - ADDED ENTRY ELEMENTS (KOHA)
Koha item type Books
Holdings
Date last seen Total checkouts Full call number Accession number Price effective from Category Lost status Damaged status Department Withdrawn status Home library Current library Shelving location Entry date Vendor Grants Billdate Currency symbol Conversion rate Discount Old discount
26/01/2024   001.6424C HON4;1 R 55375 26/01/2024 Books     BCA   Central Library Central Library BCA 11/08/2009 Publisher DONATED 13/02/2013 RS 1    

© For any Suggestions or Query, please contact the library staff @ librarian@pes.edu or Phone: +9180 2672 1983/ 2108.